000 01041naa a22002897u 4500
001 03969
003 HDC
007 cr bn ---aaaaa
008 210113t2002 flu 000 0 eng
040 _aHDC
100 _aTsanev, Roumen,
_eauthor
_93934
245 0 _aImmune interferon :
_bProperties and Clinical Applications. Chapter 6: Interferon gamma preparations /
_cby Roumen Tsanev and Ivan Ivanov
260 _aBoca Raton, Florida :
_bCRC Press,
_c2002
300 _a3 pages
336 _atext
_2rdacontent
337 _acomputer
_2rdamedia
338 _aonline resource
_2rdacarrier
500 _aOriginal from book
650 _aInterferon
_xTherapeutic use
_93935
650 _aPharmaceutical industry
_9799
650 _aPharmaceutical service
_91769
700 _aIvan Ivanov,
_eauthor
_93936
856 _zRequest full-text at [email protected]
942 _2lcc
942 _cCHAP
942 _kEBCH 002644
999 _c1294
_d1294